Высоковольтный электротехнический фарфор на основе минерального сырья Республики Казахстан с использованием маршалита и волластонита: диссертация на соискание ученой степени кандидата технических наук; спец. 05.17.11

Xehetasun bibliografikoak
Egile nagusia: Курбанбаев М. Е. Мухтар Ендибаевич
Erakunde egilea: Южно-Казахстанский государственный университет им. М. Ауэзова
Beste egile batzuk: Есимов Б. О. Беген Омарович (научный руководитель)
Gaia:Заглавие с титульного экрана
Электронная версия печатной публикации
Hizkuntza:errusiera
Argitaratua: Шымкент, 2021
Gaiak:
Sarrera elektronikoa:http://earchive.tpu.ru/handle/11683/68891
Formatua: MixedMaterials Baliabide elektronikoa Liburua
KOHA link:https://koha.lib.tpu.ru/cgi-bin/koha/opac-detail.pl?biblionumber=364172

MARC

LEADER 00000nlm0a2200000 4500
001 364172
005 20231102011648.0
035 |a (RuTPU)RU\TPU\retro\21530 
035 |a RU\TPU\retro\21526 
090 |a 364172 
100 |a 20211029d2021 k y0rusy50 ca 
101 0 |a rus 
102 |a RU 
105 |a a m 000zy 
135 |a drcn ---uucaa 
181 0 |a i  
182 0 |a b 
200 1 |a Высоковольтный электротехнический фарфор на основе минерального сырья Республики Казахстан с использованием маршалита и волластонита  |e диссертация на соискание ученой степени кандидата технических наук  |e спец. 05.17.11  |f М. Е. Курбанбаев  |g Южно-Казахстанский университет им. М. Ауэзова ; науч. рук. Б. О. Есимов 
203 |a Текст  |c электронный 
210 |a Шымкент  |d 2021 
215 |a 1 файл (3 791 КБ) 
229 |a Защита состоится 21.12. 2021 г. 
230 |a Электронные текстовые данные (1 файл : 3 791 КБ) 
300 |a Заглавие с титульного экрана 
300 |a Электронная версия печатной публикации 
606 1 |a Фарфоровое производство  |x Технико-химический контроль  |2 stltpush  |3 (RuTPU)RU\TPU\subj\34837  |9 56688 
610 1 |a электронный ресурс 
610 1 |a диссертации 
610 1 |a электротехнический фарфор 
610 1 |a минеральное сырье 
610 1 |a Республика Казахстан 
610 1 |a маршалиты 
610 1 |a волластониты 
610 1 |a фазовый состав 
610 1 |a структура 
610 1 |a свойства 
610 1 |a получение 
610 1 |a минеральное сырье 
610 1 |a керамические материалы 
610 1 |a электроизоляционные материалы 
610 1 |a физико-химические процессы 
610 1 |a спекание 
610 1 |a фазообразование 
675 |a 666.5(04)  |v 4 
686 |a 05.17.11  |2 oksvnk 
700 1 |a Курбанбаев  |b М. Е.  |g Мухтар Ендибаевич 
702 1 |a Есимов  |b Б. О.  |g Беген Омарович  |4 727 
712 0 2 |a Южно-Казахстанский государственный университет им. М. Ауэзова  |c (Шымкент (Чимкент))  |c (1998- )  |2 stltpush  |3 (RuTPU)RU\TPU\col\27845  |9 28915 
801 2 |a RU  |b 63413507  |c 20211203  |g RCR 
856 4 |u http://earchive.tpu.ru/handle/11683/68891 
942 |c CF